[Event "POL-chT3 1112"]
[Site "Poland"]
[Date "2011.12.11"]
[Round "3.4"]
[White "Tadzik, Bogdan"]
[Black "Radziejewski, Tomasz"]
[Result "0-1"]
[WhiteElo "1710"]
[BlackElo "1822"]
[PlyCount "140"]
[EventDate "2011.11.06"]
[EventType "team-tourn"]
[EventRounds "11"]
[EventCountry "POL"]
[SourceTitle "EXT 2015"]
[Source "ChessBase"]
[SourceDate "2014.11.20"]
[SourceVersion "1"]
[SourceVersionDate "2014.11.20"]
[SourceQuality "1"]
[WhiteTeam "Inowroclaw OSIR Pozkal"]
[BlackTeam "Mrocza MGOK"]
[WhiteTeamCountry "POL"]
[BlackTeamCountry "POL"]

1. e4 e5 2. Nf3 Nc6 3. Bb5 Bc5 4. c3 Nge7 5. 0-0 Bb6 6. d3 0-0 7. Qe2 d6 8. Be3 Bg4 9. h3 Bxf3 10. Qxf3 f5 11. Bxb6 axb6 12. Bc4+ Kh8 13. Qe2 f4 14. Nd2 Ng6 15. Nf3 Nh4 16. Nxh4 Qxh4 17. f3 Rf6 18. Qf2 Qh5 19. Bd5 Nd8 20. d4 Rg6 21. Kh2 Rg3 22. dxe5 Qxe5 23. Qd4 Qg5 24. Rg1 Nc6 25. Bxc6 bxc6 26. a3 Re8 27. Rae1 Re5 28. Qc4 c5 29. Qf7 h6 30. Qxc7 d5 31. Qd6 dxe4 32. Rxe4 Rxe4 33. fxe4 Kh7 34. Qd5 Re3 35. Qxg5 hxg5 36. Rd1 Re2 37. Kg1 Rxb2 38. Kf1 Rb3 39. e5 Rxc3 40. Rd6 b5 41. Rb6 Rxa3 42. Rxb5 c4 43. Rc5 Re3 44. Rxc4 Rxe5 45. Rc3 Kg6 46. Kf2 Kf5 47. g4+ Kf6 48. Ra3 Rd5 49. Kf3 Rd8 50. Ra6+ Kf7 51. Ra7+ Kg6 52. Ra6+ Kh7 53. Ra5 Rd3+ 54. Kg2 Kh6 55. Ra6+ g6 56. Ra7 Rg3+ 57. Kh2 Re3 58. Rf7 Re8 59. Kg2 Rg8 60. Kf3 Rg7 61. Rf8 Re7 62. Rb8 Kg7 63. Ra8 Kf6 64. Ra6+ Re6 65. Ra3 Rd6 66. Rb3 Ke5 67. Rb5+ Rd5 68. Rb3 Rc5 69. Ra3 Kd4 70. h4 gxh4 0-1

[Event "POL-chT4 Kujawsko Pomorskie 1112"]
[Site "Poland"]
[Date "2011.11.06"]
[Round "1.6"]
[White "Tadzik, Bogdan"]
[Black "Wolanski, Michal"]
[Result "1-0"]
[WhiteElo "1710"]
[BlackElo "1961"]
[PlyCount "69"]
[EventDate "2011.11.06"]
[EventType "team-swiss"]
[EventRounds "10"]
[EventCountry "POL"]
[SourceTitle "EXT 2019"]
[Source "ChessBase"]
[SourceDate "2018.10.10"]
[SourceVersion "1"]
[SourceVersionDate "2018.10.10"]
[SourceQuality "1"]

1. e4 c5 2. Nf3 d6 3. d4 cxd4 4. Nxd4 Nf6 5. Nc3 g6 6. Be2 Bg7 7. 0-0 0-0 8. Be3 Nc6 9. Kh1 Bd7 10. Nb3 a6 11. f4 Rc8 12. Bf3 b5 13. Nd5 Nxd5 14. exd5 Na5 15. Nxa5 Qxa5 16. c3 b4 17. cxb4 Qxb4 18. Rf2 Bf5 19. a3 Qb7 20. Bd4 Rc4 21. Bxg7 Kxg7 22. Rc1 Rfc8 23. Rxc4 Rxc4 24. Qd2 Qb6 25. Re2 Rc2 26. Qd1 Rxb2 27. Qa1 Kh6 28. Qxb2 Qa5 29. Qh8 g5 30. Qf8+ Kg6 31. fxg5 Kxg5 32. Qxf7 Qc3 33. h4+ Kf4 34. Qxe7 Bg6 35. Qg5# 1-0

[Event "POL-chT3 Kujawsko Pomorskie 1011"]
[Site "Poland"]
[Date "2010.12.12"]
[Round "3.27"]
[White "Jablonski, Jerzy2222"]
[Black "Tadzik, Bogdan"]
[Result "0-1"]
[WhiteElo "1899"]
[BlackElo "1727"]
[PlyCount "95"]
[EventDate "2010.11.07"]
[EventType "team-tourn"]
[EventRounds "11"]
[EventCountry "POL"]
[SourceTitle "EXT 2019"]
[Source "ChessBase"]
[SourceDate "2018.10.10"]
[SourceVersion "1"]
[SourceVersionDate "2018.10.10"]
[SourceQuality "1"]

1. e4 e5 2. Nf3 Nc6 3. d4 exd4 4. Nxd4 Nf6 5. Nxc6 bxc6 6. e5 Qe7 7. Qe2 Nd5 8. c4 Nb6 9. g3 d5 10. b3 Ba6 11. Ba3 Qe6 12. Bxf8 Rxf8 13. h4 f6 14. Bh3 Qxe5 15. Qxe5+ fxe5 16. c5 Nd7 17. b4 e4 18. Nd2 Ne5 19. Bf1 Bxf1 20. Rxf1 Nd3+ 21. Ke2 Nxb4 22. Nb3 Rb8 23. f3 exf3+ 24. Rxf3 Rxf3 25. Kxf3 Kd7 26. Nd4 Na6 27. Rc1 Re8 28. Nf5 Rf8 29. Kg4 Nb4 30. Re1 Rf7 31. Re2 Nd3 32. Nd4 Nf2+ 33. Kg5 Ne4+ 34. Kg4 h5+ 35. Kh3 Rf1 36. Kg2 Rd1 37. Nf3 Ke6 38. Ng5+ Kf5 39. Nxe4 dxe4 40. Rf2+ Ke6 41. Rf4 Kd5 42. Rf5+ Kd4 43. Rxh5 Ke3 44. Rf5 Rd7 45. g4 Kd3 46. h5 e3 47. Rf3 Kd2 48. g5 0-1

[Event "POL-chT3 Kujawsko Pomorskie 0910"]
[Site "Poland"]
[Date "2010.05.02"]
[Round "10"]
[White "Zwolakiewicz, Krzysztof"]
[Black "Tadzik, Bogdan"]
[Result "1-0"]
[WhiteElo "2111"]
[BlackElo "1718"]
[PlyCount "113"]
[EventDate "2009.11.08"]
[EventType "team-tourn"]
[EventRounds "11"]
[EventCountry "POL"]
[SourceTitle "EXT 2020"]
[Source "ChessBase"]
[SourceDate "2019.10.17"]
[SourceVersion "1"]
[SourceVersionDate "2019.10.17"]
[SourceQuality "1"]

1. e4 e5 2. Nc3 d6 3. Nf3 Nf6 4. g3 Be7 5. Bg2 a6 6. 0-0 0-0 7. h3 Bd7 8. Kh2 Nc6 9. d3 Re8 10. Nh4 Qc8 11. f4 exf4 12. Bxf4 Nd8 13. Bg5 Kh8 14. Qd2 Ng8 15. Rf2 Bxg5 16. Qxg5 f6 17. Qh5 Ne7 18. Raf1 Rf8 19. d4 Be8 20. Qe2 Bd7 21. Qd3 Nf7 22. Nf3 Ng6 23. Nd5 Re8 24. c4 Qd8 25. Nd2 c6 26. Nf4 Nf8 27. b4 Qc7 28. Nh5 Qd8 29. Qe3 Qe7 30. c5 dxc5 31. bxc5 Be6 32. a4 Ng6 33. Qc3 Qd7 34. d5 cxd5 35. exd5 Bxd5 36. Nxf6 gxf6 37. Qxf6+ Kg8 38. Bxd5 Qxd5 39. Qxf7+ Qxf7 40. Rxf7 Rac8 41. Nb3 Re4 42. Rxb7 Rxa4 43. h4 Ra2+ 44. Kh3 a5 45. Rff7 Nf8 46. Rg7+ Kh8 47. Rgf7 Kg8 48. Rg7+ Kh8 49. Rgf7 Kg8 50. h5 Rc2 51. Nd4 R2xc5 52. g4 Rd5 53. Nf5 Rd3+ 54. Kh4 Rcd8 55. Rg7+ Kh8 56. Nh6 Ne6 57. Rxh7# 1-0

[Event "POL-chT3 Kujawsko Pomorskie 0809"]
[Site "Poland"]
[Date "2009.03.01"]
[Round "9.28"]
[White "Brzezinski, Mateusz"]
[Black "Tadzik, Bogdan"]
[Result "1-0"]
[WhiteElo "1904"]
[BlackElo "1714"]
[PlyCount "105"]
[EventDate "2008.11.09"]
[EventType "team-tourn"]
[EventRounds "11"]
[EventCountry "POL"]
[SourceTitle "EXT 2019"]
[Source "ChessBase"]
[SourceDate "2018.10.10"]
[SourceVersion "1"]
[SourceVersionDate "2018.10.10"]
[SourceQuality "1"]

1. c4 e5 2. Nc3 Nc6 3. g3 Bb4 4. Bg2 Nf6 5. Nf3 0-0 6. 0-0 d6 7. d3 h6 8. e4 a5 9. Nd5 Bc5 10. a3 Nh7 11. Be3 Bg4 12. h3 Bxf3 13. Bxf3 Nd4 14. Bg2 c6 15. Nc3 Ne6 16. Rb1 Bd4 17. Qd2 Ra6 18. f4 Bxe3+ 19. Qxe3 Qb6 20. Qxb6 Rxb6 21. b4 axb4 22. axb4 exf4 23. gxf4 Ra8 24. e5 dxe5 25. fxe5 f6 26. b5 fxe5 27. bxc6 Rxb1 28. Rxb1 bxc6 29. Bxc6 Rd8 30. Bd5 Nhf8 31. Re1 Kh8 32. Rxe5 Nf4 33. Re3 g5 34. Kf2 N8g6 35. Be4 Rf8 36. Kg3 Nh5+ 37. Kg2 Nh4+ 38. Kg1 Rb8 39. c5 Nf4 40. d4 Ne6 41. Rd3 Rd8 42. Ne2 Kg7 43. Kf2 Ng6 44. Bxg6 Kxg6 45. Ke3 Kf5 46. Ng3+ Kf6 47. Ne4+ Kf5 48. Nd6+ Kf6 49. Ke4 h5 50. Rf3+ Kg6 51. Ke5 Nc7 52. Rf6+ Kg7 53. Rf7+ 1-0

[Event "POL-chT3 Kujawsko Pomorskie 0809"]
[Site "Poland"]
[Date "2008.12.21"]
[Round "4.11"]
[White "Tadzik, Bogdan"]
[Black "Mazalon, Mateusz"]
[Result "0-1"]
[WhiteElo "1714"]
[BlackElo "1717"]
[PlyCount "81"]
[EventDate "2008.11.09"]
[EventType "team-tourn"]
[EventRounds "11"]
[EventCountry "POL"]
[SourceTitle "EXT 2019"]
[Source "ChessBase"]
[SourceDate "2018.10.10"]
[SourceVersion "1"]
[SourceVersionDate "2018.10.10"]
[SourceQuality "1"]

1. e4 c5 2. Nf3 a6 3. d4 cxd4 4. Qxd4 Nc6 5. Qe3 d6 6. Nc3 e6 7. h3 Nf6 8. Bd2 Be7 9. 0-0-0 0-0 10. Kb1 b5 11. Bd3 Bb7 12. Nd4 b4 13. Nce2 d5 14. Nxc6 Bxc6 15. e5 Nd7 16. Qg3 Re8 17. f4 Bf8 18. Nd4 Qc7 19. Qh4 g6 20. g4 a5 21. Qe1 Bg7 22. g5 Rab8 23. h4 Nc5 24. Nxc6 Qxc6 25. Rh3 Rbc8 26. Rc1 Nxd3 27. Rxd3 Qb5 28. Rd4 Rc4 29. Be3 Rec8 30. Qe2 Qc6 31. Rd3 a4 32. Qd2 Bf8 33. c3 a3 34. cxb4 Bxb4 35. Rxc4 Qxc4 36. b3 Qe4 37. Qc2 Rxc2 38. Kxc2 Qg2+ 39. Bd2 Bxd2 40. Rxd2 Qe4+ 41. Kc1 0-1

[Event "POL-chT3 Kujawsko Pomorskie 0708"]
[Site "Poland"]
[Date "2008.01.13"]
[Round "5.4"]
[White "Tadzik, Bogdan"]
[Black "Weglarz, Joanna"]
[Result "0-1"]
[WhiteElo "1675"]
[BlackElo "2010"]
[PlyCount "118"]
[EventDate "2007.11.04"]
[EventType "team-tourn"]
[EventRounds "11"]
[EventCountry "POL"]
[SourceTitle "EXT 2019"]
[Source "ChessBase"]
[SourceDate "2018.10.10"]
[SourceVersion "1"]
[SourceVersionDate "2018.10.10"]
[SourceQuality "1"]

1. e4 c5 2. Nf3 d6 3. d4 cxd4 4. Nxd4 Nf6 5. Nc3 a6 6. Be2 e6 7. 0-0 Qc7 8. Be3 b5 9. a3 Bb7 10. Bf3 Nbd7 11. Re1 Be7 12. g3 Ne5 13. Bg2 Nc4 14. Bd2 Nxb2 15. Qe2 Nc4 16. a4 Nxd2 17. Qxd2 Rc8 18. Re3 Ng4 19. Rd3 Ne5 20. Ndxb5 axb5 21. Nxb5 Qxc2 22. Rxd6 Qxd2 23. Rxd2 0-0 24. h3 Rfd8 25. Rda2 Ba6 26. Bf1 Nf3+ 27. Kg2 Nd2 28. f3 Nxf1 29. Kxf1 Rb8 30. Rb1 Rb7 31. Kg2 Rdb8 32. Rab2 Kf8 33. Kf2 Bc5+ 34. Ke1 Bxb5 35. axb5 Ke7 36. Kd2 e5 37. Kd3 Bd4 38. Rb3 Kd6 39. f4 f6 40. f5 Ra8 41. Rc1 Ra5 42. Rcb1 Ra2 43. Kc4 Rc7+ 44. Kd3 Rac2 45. b6 R7c3+ 46. Rxc3 Rxc3+ 47. Kd2 Rc8 48. Kd3 h5 49. g4 hxg4 50. hxg4 Rb8 51. b7 Kc7 52. Kc4 Rxb7 53. Rxb7+ Kxb7 54. Kd5 Be3 55. Ke6 Kc6 56. Kf7 Bh6 57. Kg6 Kc5 58. g5 Bxg5 59. Kxg7 Kd4 0-1

[Event "POL-chT3 Kujawsko Pomorskie 0708"]
[Site "Poland"]
[Date "2007.12.02"]
[Round "3.3"]
[White "Kudelka, Janusz"]
[Black "Tadzik, Bogdan"]
[Result "1-0"]
[WhiteElo "2071"]
[BlackElo "1675"]
[PlyCount "92"]
[EventDate "2007.11.04"]
[EventType "team-tourn"]
[EventRounds "11"]
[EventCountry "POL"]
[SourceTitle "EXT 2019"]
[Source "ChessBase"]
[SourceDate "2018.10.10"]
[SourceVersion "1"]
[SourceVersionDate "2018.10.10"]
[SourceQuality "1"]

1. e4 e5 2. Nf3 Nc6 3. Bc4 Be7 4. 0-0 Nf6 5. Re1 d6 6. c3 0-0 7. d3 a6 8. Bb3 b5 9. Nbd2 Na5 10. Bc2 c5 11. Nf1 Re8 12. h3 Bf8 13. d4 Qc7 14. d5 Nc4 15. a4 Nb6 16. g4 Nxa4 17. Bxa4 bxa4 18. Rxa4 h5 19. N3h2 hxg4 20. Nxg4 Nxg4 21. hxg4 Qd7 22. f3 Be7 23. Re2 Qd8 24. Qd2 Bd7 25. Ra1 Bb5 26. Rh2 Bxf1 27. Kxf1 g5 28. Qe2 a5 29. Rh5 Kg7 30. Qh2 Rh8 31. Rxh8 Qxh8 32. Qxh8+ Kxh8 33. Ke2 f6 34. Kd3 Kg7 35. b4 cxb4 36. cxb4 Bd8 37. bxa5 Rxa5 38. Rxa5 Bxa5 39. Kc4 Kf7 40. Kb5 Bc3 41. Ba3 Ke7 42. Kc6 Ba5 43. Bxd6+ Ke8 44. Bc7 Bb4 45. d6 Bxd6 46. Kxd6 Kf7 1-0